ბათუმის შოთა რუსთაველის სახელმწიფო უნივერსიტეტის ბიბლიოთეკა

ინგილოური ლექსიკონი = Словарь Ингилойского диалекта / (ბიბ.ჩანაწერი № 52962)

000 -ლიდერი
ფიქსირებული სიგრძის საკონტროლო ველი 01140nam a2200253Ia 4500
001 - საკონტროლო ნომერი
საკონტროლო ველი 19993
003 - საკონტროლო ნომრის იდენტიფიკატორი
საკონტროლო ველი GE_BSU
005 - ბოლო ოპერაციის თარიღი და დრო
საკონტროლო ველი 20200527222450.0
008 - ფიქსირებული სიგრძის მონაცემთა ელემენტები - ზოგადი ინფორმაცია
ფიქსირებული სიგრძის საკონტროლო ველი 181216s1978||||ge |||||||||||||| ||geo||
040 ## - კატალოგიზაციის წყარო
Transcribing agency GE_BSU
041 ## - ენის კოდი
Language code of text/sound track or separate title geo
080 ## - უნივერსალური ათობითი კლასიფიკაციის ინდექსი
Universal Decimal Classification number 81'374(038)=353.1'282 რ-84
100 ## - მთავარი ჩანაწერი - პიროვნების სახელი
Personal name როსტიაშვილი, ნათელა
9 (RLIN) 8245
245 ## - ცნობა სათაურის შესახებ
Title ინგილოური ლექსიკონი = Словарь Ингилойского диалекта /
Statement of responsibility, etc ნათელა როსტიაშვილი ; რედაქტორი : არ. მარტიროსოვი.
264 ## - წარმოების, გამოცემის, დისტრიბუციის და სხვა ცნობები
გამოცემის, წარმოების, დისტრიბუციის... ადგილი თბილისი :
გამოცემის, წარმოების, დისტრიბუციის... სახელწოდება მეცნიერება,
გამოცემის, წარმოების, დისტრიბუციის... თარიღი 1978.
300 ## - ფიზიკური აღწერა
Extent 252 გვ. ;
Dimensions 22 სმ.
653 ## - INDEX TERM--UNCONTROLLED
Uncontrolled term ინგილოური ენა.
653 ## - INDEX TERM--UNCONTROLLED
Uncontrolled term ლექსიკონი
700 ## - ADDED ENTRY--PERSONAL NAME
Personal name მარტიროსოვი, არ.
Relator term რედაქტორი
9 (RLIN) 7663
710 ## - ADDED ENTRY--CORPORATE NAME
Corporate name or jurisdiction name as entry element საქ.სსრ მეცნ. აკადემია
9 (RLIN) 8246
710 ## - ADDED ENTRY--CORPORATE NAME
Corporate name or jurisdiction name as entry element ენათმეცნიერების ინსტიტუტი
9 (RLIN) 8247
942 ## - ADDED ENTRY ELEMENTS (KOHA)
Koha item type წიგნი
Source of classification or shelving scheme
ეგზემპლარები
ჩამოწერის სტატუსი დაკარგული ეგზემპლარის სტატუსი კლასიფიკაციის წყარო ან თაროზე გაწყობის სქემა დაზიანების სტატუსი არ გაიცემა მუდმივი მდებარეობა (დაცვის ადგილი) ამჟამინდელი ადგილსამყოფელი თაროზე განთავსების ადგილი შეძენის თარიღი ღირებულება, შესყიდვის ნორმალური ფასი სრული შენახვის შიფრი შტრიხკოდი ბოლო ოპერაციის თარიღი ეგზემპლარის მიმდევრობითი ნომერი (კეტერი?) ფასის ძალაში შესვლის თარიღი ეგზემპლარის სახეობა საჯარო შენიშვნა
          ბათუმის შოთა რუსთაველის სახელმწიფო უნივერსიტეტის მთავარი ბიბლიოთეკა ბათუმის შოთა რუსთაველის სახელმწიფო უნივერსიტეტის მთავარი ბიბლიოთეკა წიგნსაცავი 2018-12-17 4.00 81'374(038)=353.1'282 რ-84 52701 2018-12-17 52701 2018-12-17 წიგნი 4.00 ლ.
          ბათუმის შოთა რუსთაველის სახელმწიფო უნივერსიტეტის მთავარი ბიბლიოთეკა ბათუმის შოთა რუსთაველის სახელმწიფო უნივერსიტეტის მთავარი ბიბლიოთეკა წიგნსაცავი 2018-12-17 4.00 81'374(038)=353.1'282 რ-84 52702 2018-12-17 52702 2018-12-17 წიგნი 4.00 ლ.
          ბათუმის შოთა რუსთაველის სახელმწიფო უნივერსიტეტის მთავარი ბიბლიოთეკა ბათუმის შოთა რუსთაველის სახელმწიფო უნივერსიტეტის მთავარი ბიბლიოთეკა წიგნსაცავი 2018-12-17 4.00 81'374(038)=353.1'282 რ-84 52703 2018-12-17 52703 2018-12-17 წიგნი 4.00 ლ.
          ბათუმის შოთა რუსთაველის სახელმწიფო უნივერსიტეტის მთავარი ბიბლიოთეკა ბათუმის შოთა რუსთაველის სახელმწიფო უნივერსიტეტის მთავარი ბიბლიოთეკა წიგნსაცავი 2018-12-17 4.00 81'374(038)=353.1'282 რ-84 52704 2018-12-17 52704 2018-12-17 წიგნი 4.00 ლ.